Lý thuyết và bài tập về động lực học của vật rắn quay quanh một trục cố định

Lý thuyết: Khối tâm, mômen, động học, phương trình chuyển động quay, các dịnh lý về mômen động lượng, cơ năng cảu vật rắn; con quay. Bài Tập

Spremljeno u:
Bibliografski detalji
Glavni autor: Phan, Thị Hoa
Daljnji autori: Bạch, Nghĩ Th.S (Hướng dẫn)
Format: Knjiga
Jezik:Vietnamese
Izdano: Đại học Đà Nẵng Trường đại học Sư Phạm 2010
Serija:Khóa luận tốt nghiệp đại học. Chuyên ngành: Sư phạm Lý
Teme:
Oznake: Dodaj oznaku
Bez oznaka, Budi prvi tko označuje ovaj zapis!
Thư viện lưu trữ: Mạng thư viện Đại học Đà Nẵng
LEADER 01484nam a2200349 4500
001 000012138
003 8426
005 20120216080227.0
008 120216s2010 viesd
041 |a vie 
072 |a Khóa luận tốt nghiệp 
082 |a 531.3  |b PH-H 
100 |a Phan, Thị Hoa 
245 |a Lý thuyết và bài tập về động lực học của vật rắn quay quanh một trục cố định  |c Phan, Thị Hoa 
260 |a Đại học Đà Nẵng  |b Trường đại học Sư Phạm  |c 2010 
300 |a 87 tr.  |c 29 cm 
490 |a Khóa luận tốt nghiệp đại học. Chuyên ngành: Sư phạm Lý 
500 |a Tham khảo tr.87 
520 |a Lý thuyết: Khối tâm, mômen, động học, phương trình chuyển động quay, các dịnh lý về mômen động lượng, cơ năng cảu vật rắn; con quay. Bài Tập 
653 |a Khóa luận tốt nghiệp đại học 
653 |a Khoa Vật lý 
700 |a Bạch, Nghĩ  |c Th.S  |e Hướng dẫn 
OWN |a LSP 
AVA |a UDN50  |b LSP  |d 531.3 PH-H  |e available  |t Error 5001 Not defined in file expand_doc_bib_avail.  |f 1  |g 0  |h N  |i 0  |k 1 
999 |a From the UDN01 
AVA |a UDN50  |b LSP  |d 531.3 PH-H  |e available  |t Error 5001 Not defined in file expand_doc_bib_avail.  |f 1  |g 0  |h N  |i 0  |k 1 
TYP |a Monograph 
TYP |a Printed language 
980 |a Mạng thư viện Đại học Đà Nẵng